| 000 | 00843cam a2200253Ia 4500 | ||
|---|---|---|---|
| 008 | |||
| 020 | _a0810992825 (pbk.) | ||
| 049 | _aMAIN | ||
| 090 |
_aNA687 _bASE |
||
| 100 | 1 | _aAsensio Cerver, Francisco. | |
| 240 | 1 | 0 |
_aAtlas, la nueva arquitectura. _lEnglish. |
| 245 | 1 | 0 |
_aNew architecture : _ban international atlas / _cFrancisco Asensio ; [editor, Sheila Friedling] |
| 260 |
_aNew York : _bAbrams, _c2007. |
||
| 300 |
_a510 p. : _bcol. ill., plans ; _c25 cm. |
||
| 650 | 0 |
_aArchitecture, Modern _y20th century. |
|
| 650 | 0 |
_aCommercial buildings _xDesign and construction. |
|
| 650 | 0 |
_aBridges _xDesign and construction. |
|
| 700 | 1 | _aFriedling, Sheila. | |
| 907 |
_a.b10265910 _b14-09-09 _c09-09-09 |
||
| 003 | |||
| 005 | 20230123124944.0 | ||
| 040 | _cNUST | ||
| 942 |
_cBOOKS _kNA687 _mASE |
||
| 999 |
_c133204 _d133204 |
||